| 000 | 00647nam a2200229 a 4500 | ||
|---|---|---|---|
| 001 | BRCA_5625 | ||
| 005 | 20190320205146.0 | ||
| 008 | 210211t1930----gw-a######---#000-0#ger-# | ||
| 041 | _ager | ||
| 044 | _agw | ||
| 050 | 4 |
_aN5250 _b.C33 1930 |
|
| 245 | 1 | 0 |
_aDie Sammlung, C. Castiglion Wien Gemälde: _bSkulpturen-Möbel-Keramik-Textilien _cOtto von Falke. |
| 260 |
_aBerlín _bG. Mann _c1930 |
||
| 300 |
_a168 p. _bil., 106 láminas _c31 cm. |
||
| 500 | _aF103 | ||
| 650 | 1 | 4 |
_aPintura _zViena (Austria) _914331 |
| 650 | 1 | 4 |
_aTextiles _910631 |
| 650 | 1 | 4 |
_aMuebles _zAustria _914332 |
| 650 | 1 | 4 |
_aCerámica _91200 |
| 902 | _aGFM | ||
| 942 |
_2lcc _cB |
||
| 999 |
_c5319 _d5319 |
||